Library Logo

Pioneer International University Library Catalogue

MANAGING A NONPROFIT ORGANIZATION IN THE TWENTY-FIRST CENTURY/ (Record no. 9978)

MARC details
000 -LEADER
fixed length control field 00580nam a22001697a 4500
003 - CONTROL NUMBER IDENTIFIER
control field OSt
005 - DATE AND TIME OF LATEST TRANSACTION
control field 20260312125027.0
008 - FIXED-LENGTH DATA ELEMENTS--GENERAL INFORMATION
fixed length control field 260312b |||||||| |||| 00| 0 eng d
020 ## - INTERNATIONAL STANDARD BOOK NUMBER
International Standard Book Number 0684849909
040 ## - CATALOGING SOURCE
Transcribing agency SIMON & SCHUSTER
050 ## - LIBRARY OF CONGRESS CALL NUMBER
Classification number HD 62.6 .W646 1999
Item number .W646 1999
245 ## - TITLE STATEMENT
Title MANAGING A NONPROFIT ORGANIZATION IN THE TWENTY-FIRST CENTURY/
Statement of responsibility, etc. WOLF, THOMAS
250 ## - EDITION STATEMENT
Edition statement 1ST EDITION
260 ## - PUBLICATION, DISTRIBUTION, ETC.
Place of publication, distribution, etc. NEWYORK:
Name of publisher, distributor, etc. SIMON & SCHUSTER INC,
Date of publication, distribution, etc. 1999
300 ## - PHYSICAL DESCRIPTION
Extent 358 pages,
Other physical details Hardcovers, includes bibliographic references and index,
Dimensions ill. : som col, 21.5 cm.
942 ## - ADDED ENTRY ELEMENTS (KOHA)
Source of classification or shelving scheme Library of Congress Classification
Koha item type Books
Edition 1st ed.
Suppress in OPAC No
Holdings
Withdrawn status Lost status Source of classification or shelving scheme Damaged status Not for loan Home library Current library Date acquired Total checkouts Full call number Barcode Date last seen Price effective from Koha item type
    Library of Congress Classification     PIU Library Main Library 03/12/2026   HD 62.6 .W646 1999 PIUDLMUR950 03/12/2026 03/12/2026 Books